000 00552nam a22002057a 4500
001 25482
005 20260424080630.0
008 260424b |||||||| |||| 00| 0 spa d
041 _aESP
082 _a985.2
_bF64 T. 1
100 _aFlores-Zúñiga, Fernando
245 _aHaciendas y pueblos de Lima :
_bhistoria del valle del Rímac (de sus orígenes al siglo XX)
260 _a :
_b ,
_c2008
300 _axxix, 505 páginas :
_b ;
_c22 cm.
440 _a ;
650 _aCIS
654 _aCHU
700 _a;
942 _cLIB
_dJUS
_fJUS
_n0
_2ddc
999 _c25482
_d25482